000 00788nam a2200229 i 4500
001 56808
003 ES-MaACL
005 20231215063511.0
007 t|
008 031013s1926 sp ||||1| spa d
040 _cES-MaACL
080 _a347.67(37)
100 1 _aDiego y Gutiérrez, Felipe Clemente de,
_9234641
_d1866-1945
_eaut
245 1 3 _aEl fideicomiso de "eo quod superavit" en derecho romano :
_bdiscurso leído en la inauguración del curso... 1926 a 1927 /
_cpor Felipe Clemente de Diego.
260 _aMadrid :
_b[s.n.,
_c1926]
_f(Imp. Colonial)
300 _a100 p. ;
_c27 cm.
650 7 _aFideicomiso (Derecho romano)
_9234644
852 _aES-MaACL
_j1600-F-36
942 _cFOLLETOS
_n0
999 _c56808
_d56808